Livros impressos nos séculos XV e XVI (Record no. 16360)
[ view plain ]
| 000 -Etiqueta do registo | |
|---|---|
| Valores | 00382nam a2200133 4500 |
| 100 ## - Dados gerais de processamento | |
| Dados gerais | 20250716 pory50 |
| 200 ## - Titulo e menção de responsabilidade | |
| Título próprio | Livros impressos nos séculos XV e XVI |
| Primeira menção de responsabilidade | Biblioteca Central da Marinha |
| 210 ## - Publicação | |
| Local de publicação | Lisboa |
| Nome do editor | Ministério da Marinha |
| Data de publicação | 1972 |
| 215 ## - Descrição física | |
| Paginação / Volumes | 160p. |
| Outras indicações físicas | il. |
| Dimensões | 22 cm |
| 225 ## - Colecção | |
| Título próprio da colecção | Coleção Estudos; |
| Número de parte ou secção | 1) |
| 801 ## - Fonte de origem | |
| País | PT |
| Agência | BMA |
| Regras de catalogação | RPC |
| 990 ## - Elementos KOHA | |
| Tipo de documento | Livro |
| Situação do levantamento | Estado | Biblioteca de origem | Código de barras | Cota | Permissão de empréstimo | Tipo de documento | Forma de aquisição |
|---|---|---|---|---|---|---|---|
| Biblioteca Municipal do Alandroal | 18406/25 | 017.1 LIV | Livro | Oferta |